01077nam a2200325Ia 450000500170000000800370001702000180005404100080007210000200008024500840010025000180018430000250020249000240022750000520025165000380030365000400034165000350038165000370041665000350045365000330048870000380052194200150055926400280057433600270060233700330062933800280066204000350069008400110072599900150073620220317001905.0170410s2009 s g 000 j s a9788492716203 aspa1 aSakid1870-191610aReginald en RusiacSaki ; traducción, prólogo y notas de JoséLuis Piquero a1a. edición a127 páginasc17 cm aBreves reencuentros aIncluye datos biográficos del autor en solapa142LEMBaCuentos birmanosySiglo XIX142LEMBaLiteratura birmanaySiglo XIX142LEMBaMujeres en la literatura142LEMBaSecuestro en la literatura142LEMBaAmistad en la literatura142LEMBaCuentos humorísticos1 aPiquero, JoséLuisd1967-978273 2loccBKLIT aBarcelonabNavonac2009 atextobtxt2rdacontent asin mediaciónbn2rdamedia avolumenbnc2rdacarrier aCO-BoRNBPbspaerdacCO-BoRNBP aC SAK1 c8440d8440